| 000 | 01210nam a22002177a 4500 | ||
|---|---|---|---|
| 999 |
_c22120 _d22120 |
||
| 003 | AR-CdUCM | ||
| 008 | 190429b ||||| |||| 00| 0 spa d | ||
| 040 |
_aMUNICIPALIDAD PROVINCIAL DEL CUSCO _cBIBLIOTECA MUNICIPAL DEL CUSCO |
||
| 082 | _aProcultura/N°extra/2010 | ||
| 245 |
_aRevista Pro cultura / _cSociedad Pro-Cultura Clorinda Matto de Turner |
||
| 260 |
_aCusco. _bPantigozo, _c2010. |
||
| 300 |
_a138 páginas. : _bilustraciones ; _c30 cm. |
||
| 440 |
_aRevista Pro cultura. _nEdición extraordinaria 2010. _947482 |
||
| 500 | _aConmemoración del Centenario de la muerte de Clorinda Matto de Turner 1909-2009. | ||
| 505 | _aContenido: Conmemoración del Centenario de la muerte de Clorinda Matto de Turner 1909-2009. -- Homenaje de la Sociedad Pro cultura Clorinda Matto de Turner. Fundamento y objetivos de la conmemoración del centenario de la muerte de Clorinda Matto de Turner actividades desarrolladas. -- Foto aportes de Clorinda Matto de Turner al siglo XXI. -- Homenaje. -- Galería de Fotos. | ||
| 650 |
_aHistoria institucional _947480 |
||
| 650 |
_aClorinda Matto deTurner _947481 |
||
| 710 |
_aSociedad Pro Cultura Clorinda Matto de Turner _929944 |
||
| 942 |
_2ddc _cPP |
||
| 945 | _arac | ||